000 00988nam2a2200205 4500
001 RU\NLR\PER_A\002664263_001350
005 20250624211745.0
035 _a(NLR Aleph) 012879779
090 _a12515690
_c12515690
100 _a20220901d2022 |||y0rusy50 ca
101 0 _arus
102 _aRU
200 0 _a2022, № 3 (83)
210 _d2022
_aБ. м.
461 0 _1001RU\NLR\Per\489287
_12001#$aВестник Высшей квалификационной коллегии судей Российской Федерации$v2022, № 3 (83)
_93986994
_aВысшая квалификационная коллегия судей Российской Федерации
_cМосква
_d2005 -
_nЮридическая литература
_tВестник Высшей квалификационной коллегии судей Российской Федерации
_x1993-1662
_v2022, № 3 (83)
852 _aNLR
_jП23/6484
942 _cISSUE
980 _aNB
980 _aRUSPER